00918 2200277 4500001002100000005001500021035002000036007000300056008004100059082002100100084002300121245011200144300003800256650002400294710007400318264006000392336002100452337003000473338002300503040002200526090002200548850001200570999002200582022001400604990002200618INLIS00000000088004420230718031446 a0010-0723000415ta230717s2020 yoia g s l0 0 0 ind d 223a315.0959827204a315.09598272 BAN k10aKecamatan Pleret dalam angka = Pleret subdistrict in figures 2020 /cBadan Pusat Statistik Kabupaten Bantul axx, 132 halaman :btabel ;c21 cm 4aPleret--xStatistik aBANTUL. Badan Pusat Statistik Kabupaten BantuleBadan Penanggungjawab31aBantul :bBadan Pusat Statistik Kabupaten Bantul,c2020 2rdacontentateks 2rdamediaatanpa perantara 2rdacarrieravolume aYOPDYOGbinderda aCB-D.11 2020-3901 aYOPDYOG aCB-D.11/2020-3901 a0852-2936 aCB-D.11/2020-3901